Music Quiz

Random Music or Song Quiz
Score 0/65 Timer 08:00
0 Plays Today
Album Song % Correct
OpiateOpiate
93.8%
LateralusLateralus
93.7%
ÆnimaÆnema
92.5%
ÆnimaStinkfist
92.2%
UndertowPrison Sex
91.7%
UndertowSober
90.1%
10,000 Days10,000 Days (Wings Part 2)
89.6%
UndertowUndertow
89.4%
LateralusSchism
89.3%
10,000 DaysVicarious
89.1%
LateralusParabol
88.6%
LateralusParabola
88.4%
LateralusThe Grudge
87%
ÆnimaForty Six & 2
86.5%
10,000 DaysThe Pot
86.3%
ÆnimaEulogy
85.2%
10,000 DaysJambi
85.2%
ÆnimaH.
85.1%
10,000 DaysWings for Marie (Part 1)
84.6%
ÆnimaThird Eye
82.3%
SalivalThird Eye (Live)
82.3%
ÆnimaPushit
81.8%
SalivalPushit (Live)
81.8%
LateralusTicks & Leeches
80.9%
ÆnimaHooker with a Penis
79.6%
OpiateHush
78.5%
ÆnimaJimmy
78.4%
LateralusThe Patient
78%
10,000 DaysRosetta Stoned
77.6%
10,000 DaysRight in Two
76.6%
Undertow
74.8%
OpiateJerk-Off
74.6%
UndertowBottom
74%
Album Song % Correct
UndertowSwamp Song
73.3%
LateralusReflection
73.2%
UndertowDisgustipated
73.1%
UndertowIntolerance
72.7%
ÆnimaMessage to Harry Manback
72.6%
LateralusTriad
72.6%
Ænima(-) Ions
71.9%
ÆnimaIntermission
71.2%
LateralusEon Blue Apocalypse
70.4%
SalivalMaynard's Dick
68.8%
10,000 DaysLost Keys (Blame Hofmann)
68.5%
LateralusDisposition
67.9%
LateralusMantra
67.4%
SalivalNo Quarter
67.3%
OpiateSweat
67.1%
OpiateCold and Ugly
66.5%
UndertowCrawl Away
64.2%
UndertowFlood
64.1%
OpiatePart of Me
63.3%
SalivalPart of Me (Live)
63.3%
ÆnimaDie Eier von Satan
61.1%
ÆnimaUseful Idiot
58.9%
LateralusFaaip de Oiad
56.5%
10,000 DaysLipan Conjuring
56.5%
10,000 DaysViginti Tres
56.4%
10,000 DaysIntension
55.1%
ÆnimaCesaro Summability
52%
OpiateThe Gaping Lotus Experience
49.1%
SalivalYou Lied (Live)
48.5%
SalivalMessage to Harry Manback II
48.2%
SalivalL.A.M.C.
46.4%
SalivalMerkaba (Live)
45.6%

You're not logged in!

Compare scores with friends on all Sporcle quizzes.
OR
Log In

Sporcle TV

Today on Sporcle TV


Watch our educational content, quiz creation guides, and fun videos on Sporcle TV.

Show Comments

Extras

Created Sep 28, 2009ReportNominate
Tags:Album Quiz, Song Quiz, cds, tool, track

Top Quizzes Today


Score Distribution

Paid Content

Your Account Isn't Verified!

In order to create a playlist on Sporcle, you need to verify the email address you used during registration. Go to your Sporcle Settings to finish the process.

Report this User

Report this user for behavior that violates our Community Guidelines.

Details: